000 01141nam a2200289 i 4500
003 OSt
005 20250114154352.0
008 250114t20242024stkab j 000 1 eng d
020 _a9781782509172
_cRM 54.50
_qpaperback
040 _aPPAK
_beng
_cPPAK
_erda
082 0 4 _223
_a823.92
090 0 0 _a823.92
_bMUL
_dK
100 1 _aMullarky, Alex,
_eauthor.
245 1 0 _aThe EDGE of the SILVER SEA /
_cALEX MULLARKY
264 1 _aEdinburgh :
_bKelpies,
_c[2024]
264 4 _c©2024
300 _a280 pages :
_billustrations, maps ;
_c20 cm
336 _atext
_2rdacontent
337 _aunmediated
_2rdamedia
338 _avolume
_2rdacarrier
500 _aDescription based upon print version of record
520 _aForced to move to a remote island, Blair is miserable. When an otherworldly woman offers an irresistible deal, Blair discovers that her new home is a darkly magical place, and a fey bargain cannot be broken. From the author of The Sky Beneath the Stone.
650 2 0 _aWishes
_vJuvenile fiction
650 2 0 _aFairies
_vJuvenile fiction
650 2 0 _aIslands
_vJuvenile fiction
942 _2ddc
_cB
999 _c198453
_d198453